000 01084nam a2200301 a 4500
003 AR-BaBNM
005 20251128204032.0
008 082120s2002 ||||||||||||||000 | spa||
040 _cAR-BaBNM
110 2 _aConsejo Nacional de Educación
_bDepartamento de Educación para la Salud [Argentina]
245 0 0 _aEducación para la salud en la Escuela Primaria
260 _aBuenos Aires
_bConsejo Nacional de Educación. Departamento de Educación para la Salud
_c1972
300 _ap. irreg.
650 4 _aOBJETIVOS EDUCACIONALES
650 4 _aACTIVIDADES DE APRENDIZAJE
650 4 _aPLANIFICACION DEL PROGRAMA
653 _aEDUCACION PARA LA SALUD
653 _aEDUCACION PRIMARIA
653 _aCONTENIDOS CURRICULARES
700 1 _aTula, María Arsenia
_ecolaborador
700 1 _aCorigliano, Alfonso
_ecolaborador
700 1 _aBaleani, Romeo Eduardo
_ecolaborador
700 1 _aFarías, Lérida D.
_ecolaborador
700 1 _aGarcía de Llorente, Blanca Esther
_ecolaborador
700 1 _aD'Andrea de Mantero, Nidia
_ecolaborador
942 _cBK
998 _cCarmen
999 _c5897
_d5897